000 00700nam a2200265Ia 4500
003 OSt
005 20221005130100.0
006 a|||||r|||| 00| 0
007 ta
008 221004b |||||||| |||| 00| 0 urd d
020 _c5.00
024 _a16417
037 _cTextual
040 _aCRL
_cCRL
_burd
041 _2urd
_aurd
082 _aO168,1x:g, K0
100 _aBadayuni Zaheer Ed.
_9637567
245 0 _aQasayed Momin ma-e-muqaddma -wo-sharah
260 _c1960
300 _a301p.
_ccm.
650 _aURDU LITERATURE
700 _a Ahmad Siddiqi
_9637568
942 _hO168,1x:g, K0
_cTEXL
_2cc
999 _c1056027
_d1056027